000 00689nam a2200253Ia 4500
005 20260121161146.0
008 008 260114s9999 xx 000 0 eng d
020 _a9781003464143
037 _aEBOOK
040 _aCRL
040 _beng
040 _cCRL
041 _2eng
041 _aeng
084 _qCRL
100 _aAl M. Rocca
_91040934
245 2 _aA Historical Geography of Christopher Columbus’s First Voyage and his Interactions with Indigenous Peoples of the Caribbean:
260 _bTaylor and Francis
260 _c2024
856 _uhttp://www.taylorfrancis.com/books/9781003464143
942 _cEBOOK
999 _c1607750
_d1607750